| 000 | 00761nam a22002297a 4500 | ||
|---|---|---|---|
| 999 |
_c8912 _d8912 |
||
| 003 | AR-CdUCM | ||
| 008 | 190326b ||||| |||| 00| 0 spa d | ||
| 040 |
_aMUNICIPALIDAD PROVINCIAL DEL CUSCO _cBIBLIOTECA MUNICIPAL DEL CUSCO |
||
| 082 |
_a121 / _bM22 |
||
| 100 |
_aManrique Enríquez, Fernando _916199 |
||
| 245 |
_aFilosofía de las ciencias : _bmotivación propedéutica / |
||
| 260 |
_aLima : _bRentería Editores, _c2003. |
||
| 300 |
_a241 páginas ; _c20 cm. |
||
| 440 |
_aColeccion episteme _n7 _924761 |
||
| 500 | _aDedicatoria | ||
| 505 | _aContenido: Investigación, Teoría del conocimiento. | ||
| 650 |
_aTeoría del conocimiento _914467 |
||
| 650 |
_aInvestigación _91940 |
||
| 650 |
_aFilosofía _9395 |
||
| 942 |
_2ddc _cLIBROS |
||
| 945 | _adavv | ||